000 00950nas a2200325 4500
001 BR0204325
003 BR-BrBNA
005 20231205103213.0
007 ta
008 230509b bl.|||p| |||| 00| 00por d
040 _aBR-BrBNA
_bpor
_cBiblioteca Nacional de Agricultura
041 _a(Pt)
072 _aP35; F08
100 1 _aMedeiros, J.F. de
100 1 _aCruciani, D.E.
100 1 _aFolegatti, M.V.
100 1 _aMiranda, N.O.
245 1 _aTolerância do pimentão à salinidade sob condições de cultivo protegido
650 _aPIMENTÃO
650 _aCULTIVO PROTEGIDO
650 _aSALINIDADE
650 _aRESISTÊNCIA
650 _aÁGUA DE IRRIGAÇÃO
650 _aEVAPOTRANSPIRAÇÃO
650 _aRENDIMENTO
650 _aSÃO PAULO
773 0 _tEngenharia Agrícola (Brazil)
_xISSN 0100-6916
_g(May 2002), v. 22(2) p. 200-210
_wBR0204325
909 _a202311
_bLúcia
_c55
_dLúcia Elande
942 _2AGRIS
_n0
_cANA
999 _c171644
_d171644